000 01020nam a2200265 i 4500
001 91641
003 ES-MaACL
005 20230906180755.0
007 t|
008 050203s2004 sp ae |||| | spa d
020 _a84-899113-55-2
080 _a929 Tutmosis (32) III (060.64)
080 _a904(623)(060.64)
245 0 3 _aLa tumba de Tutmosis III
_b: las horas oscuras del sol : Museo Arqueológico Nacional de Madrid, septiembre-noviembre 2004 /
_c[textos, Theodor Abt ... et al.].
260 _a[Madrid] :
_bFundación Santander Central Hispano,
_c[2004]
300 _a143 p. :
_bil. col. y n., planos ;
_c31 cm.
600 0 4 _aTutmosis
_bIII
_cRey de Egipto-
_vExposiciones.
_9111781
651 4 _aValle de los Reyes-
_xRestos arqueológicos-
_vExposiciones.
_99513
655 7 _2tgfbne
_9193628
_aCatálogos de exposiciones
700 1 _aAbt, Theodor,
_918182
710 2 _aMuseo Arqueológico Nacional (España)
_95827
852 _aES-MaACL
_jL-28774
942 _2udc
999 _c91641
_d91641